[Event "Berlin-ch qualification"]
[Site "Berlin-Lichtenrade"]
[Date "2012.04.09"]
[Round "4.12"]
[White "Muenstermann, Claudia"]
[Black "Fecke, Simon"]
[Result "1-0"]
[WhiteElo "1792"]
[BlackElo "1138"]
[PlyCount "77"]
[EventDate "2012.04.08"]
[EventType "swiss"]
[EventRounds "9"]
[EventCountry "GER"]
[SourceTitle "EXT 2022"]
[Source "ChessBase"]
[SourceDate "2021.10.06"]
[SourceVersion "1"]
[SourceVersionDate "2021.10.06"]
[SourceQuality "1"]

1. e4 c5 2. Nf3 g6 3. d4 cxd4 4. Nxd4 Nc6 5. c4 Nf6 6. Nc3 Bg7 7. Be2 d6 8. Nc2 0-0 9. 0-0 Bd7 10. Be3 a6 11. f3 Rc8 12. Qd2 Na5 13. b3 b5 14. cxb5 axb5 15. Rac1 Rxc3 16. Qxc3 Nxe4 17. Qd3 Nc3 18. Nb4 Bf5 19. Qd2 Nxe2+ 20. Qxe2 Qd7 21. Kh1 d5 22. Bb6 Ra8 23. Rc7 Qd6 24. Qxe7 Qxe7 25. Rxe7 Bf8 26. Nxd5 Bxe7 27. Nxe7+ Kf8 28. Nxf5 gxf5 29. Rd1 Nb7 30. Rd2 Rc8 31. Kg1 Rc6 32. Be3 Rd6 33. Rxd6 Nxd6 34. Bc5 Ke7 35. Kf2 Ke6 36. Bxd6 Kxd6 37. Ke3 Kd5 38. a4 bxa4 39. bxa4 1-0